| 000 | 00574nam a2200217Ia 4500 | ||
|---|---|---|---|
| 003 | OSt | ||
| 005 | 20231102123213.0 | ||
| 008 | 210210b2005 xxu||||| |||| 00| 0 eng d | ||
| 020 | _a81 224 1461 3 | ||
| 040 | _cAL | ||
| 041 | _aEnglish | ||
| 082 | _a519.4 JAIN | ||
| 100 |
_aJAIN (M K) and others. _9140591 |
||
| 245 | _aNumerical methods: for scientific and engineering computation. | ||
| 250 | _a4 | ||
| 260 |
_aNew Delhi _bNew Age International Limited _c2005 |
||
| 300 | _axi,832 | ||
| 690 |
_aNumerical Methods _9140592 |
||
| 906 | _a061754 | ||
| 942 |
_2ddc _cBK |
||
| 999 |
_c108455 _d108455 |
||